Vplyv veľkosti parného priestoru na L - G rovnováhu pri saturačnej metóde : Obh. 3.6.1991 /

Gespeichert in:
Bibliographische Detailangaben
1. Verfasser: Koneracká, Martina (Verfasst von)
Format: Manuskript Buch
Sprache:Slowakisch
Veröffentlicht: Bratislava : SVŠT v Bratislave ChtF, 1991
Tags: Tag hinzufügen
Keine Tags, Fügen Sie das erste Tag hinzu!

MARC

LEADER 00000ntm a22000003a 4500
001 stu17687
005 20150617225755.9
008 910624s1991----cs------------------slo-d
040 |a STU  |b slo 
041 0 |a slo 
044 |a cs 
100 1 |a Koneracká, Martina  |4 aut 
245 1 |a Vplyv veľkosti parného priestoru na L - G rovnováhu pri saturačnej metóde :  |b Obh. 3.6.1991 /  |c [aut.]Koneracká,Martina 
260 |a Bratislava :  |b SVŠT v Bratislave ChtF,  |c 1991 
300 |a 63 s :  |b Tab.,lit 
500 |a Špec.:Procesy a zariadenia chem. a potrav. výrob 
996 |b CD10789  |c C*D10789  |l CCI  |s A  |a 24  |w stu17687_0001